Čo nejesť, keď- (Record no. 20006)
[ view plain ]
| 000 -LEADER | |
|---|---|
| fixed length control field | 01692nam a2200565 a 4500 |
| 001 - CONTROL NUMBER | |
| control field | 20006 |
| 003 - CONTROL NUMBER IDENTIFIER | |
| control field | VRT |
| 005 - DATE AND TIME OF LATEST TRANSACTION | |
| control field | 20260113153549.0 |
| 008 - FIXED-LENGTH DATA ELEMENTS--GENERAL INFORMATION | |
| fixed length control field | 130916s2013 xo oa g n 000 u slo d |
| 015 ## - NATIONAL BIBLIOGRAPHY NUMBER | |
| National bibliography number | SNBA2013/09 |
| 020 ## - INTERNATIONAL STANDARD BOOK NUMBER | |
| International Standard Book Number | 9788007021549 (viaz.) |
| 035 ## - SYSTEM CONTROL NUMBER | |
| System control number | a000485004 |
| 039 #9 - LEVEL OF BIBLIOGRAPHIC CONTROL AND CODING DETAIL [OBSOLETE] | |
| Level of rules in bibliographic description | 201310310929 |
| Level of effort used to assign nonsubject heading access points | zima |
| Level of effort used to assign subject headings | 201310160854 |
| Level of effort used to assign classification | jakubcova |
| Level of effort used to assign subject headings | 201310151115 |
| Level of effort used to assign classification | michal |
| Level of effort used to assign subject headings | 201309161344 |
| Level of effort used to assign classification | edita |
| 040 ## - CATALOGING SOURCE | |
| Original cataloging agency | SKPK |
| Language of cataloging | slo |
| Transcribing agency | UKB |
| Modifying agency | SNK |
| Description conventions | AACR2 |
| 041 1# - LANGUAGE CODE | |
| Language code of text/sound track or separate title | slo |
| Language code of original | cze |
| 044 ## - COUNTRY OF PUBLISHING/PRODUCING ENTITY CODE | |
| MARC country code | xo |
| ISO country code | SK |
| 072 #7 - SUBJECT CATEGORY CODE | |
| Subject category code | 613 |
| Subject category code subdivision | Hygiena. Ľudské zdravie |
| Source | konspekt |
| 080 ## - UNIVERSAL DECIMAL CLASSIFICATION NUMBER | |
| Universal Decimal Classification number | 615.874.2 |
| Edition identifier | 2001 |
| 080 ## - UNIVERSAL DECIMAL CLASSIFICATION NUMBER | |
| Universal Decimal Classification number | 616.1/.9 |
| Edition identifier | 2001 |
| 080 ## - UNIVERSAL DECIMAL CLASSIFICATION NUMBER | |
| Universal Decimal Classification number | 616-084 |
| Edition identifier | 2001 |
| 080 ## - UNIVERSAL DECIMAL CLASSIFICATION NUMBER | |
| Universal Decimal Classification number | (035) |
| Edition identifier | 2001 |
| 080 ## - UNIVERSAL DECIMAL CLASSIFICATION NUMBER | |
| Universal Decimal Classification number | 613.2.03 |
| Edition identifier | 2001 |
| 100 1# - MAIN ENTRY--PERSONAL NAME | |
| Personal name | Mandžuková, Jarmila, |
| Dates associated with a name | 1959- |
| 240 10 - UNIFORM TITLE | |
| Uniform title | Co nejíst, když-. |
| Language of a work | Slovensky |
| 245 10 - TITLE STATEMENT | |
| Title | Čo nejesť, keď- |
| Remainder of title | praktický domáci lekár |
| Statement of responsibility, etc. | Jarmila Mandžuková ; [z českého originálu preložila Ľubica Janeva] |
| 250 ## - EDITION STATEMENT | |
| Edition statement | 1. vyd. |
| 260 ## - PUBLICATION, DISTRIBUTION, ETC. | |
| Place of publication, distribution, etc. | Bratislava |
| Name of publisher, distributor, etc. | Príroda |
| Date of publication, distribution, etc. | 2013 |
| 300 ## - PHYSICAL DESCRIPTION | |
| Extent | 135 s. |
| Other physical details | il. |
| 504 ## - BIBLIOGRAPHY, ETC. NOTE | |
| Bibliography, etc. note | Bibliogr. s. 135 |
| 650 07 - SUBJECT ADDED ENTRY--TOPICAL TERM | |
| Topical term or geographic name entry element | dietoterapia |
| Source of heading or term | UKBPH |
| 650 07 - SUBJECT ADDED ENTRY--TOPICAL TERM | |
| Topical term or geographic name entry element | choroby |
| Source of heading or term | UKBPH |
| 650 07 - SUBJECT ADDED ENTRY--TOPICAL TERM | |
| Topical term or geographic name entry element | starostlivosť o zdravie |
| Source of heading or term | UKBPH |
| 650 07 - SUBJECT ADDED ENTRY--TOPICAL TERM | |
| Topical term or geographic name entry element | prevencia ochorení |
| Source of heading or term | UKBPH |
| 653 ## - INDEX TERM--UNCONTROLLED | |
| Uncontrolled term | 615.874..2 |
| 653 ## - INDEX TERM--UNCONTROLLED | |
| Uncontrolled term | 616.1/.9 |
| 653 ## - INDEX TERM--UNCONTROLLED | |
| Uncontrolled term | 616-084 |
| 653 ## - INDEX TERM--UNCONTROLLED | |
| Uncontrolled term | 613..03 |
| 653 ## - INDEX TERM--UNCONTROLLED | |
| Uncontrolled term | (035) |
| 655 #7 - INDEX TERM--GENRE/FORM | |
| Genre/form data or focus term | príručky |
| Source of term | UKBPH |
| 700 1# - ADDED ENTRY--PERSONAL NAME | |
| Personal name | Janeva, Ľubica, |
| Dates associated with a name | 1965- |
| Relationship | trl |
| 910 ## - USER-OPTION DATA (OCLC) | |
| User-option data | skpk |
| 910 ## - USER-OPTION DATA (OCLC) | |
| User-option data | svkbb |
| 910 ## - USER-OPTION DATA (OCLC) | |
| User-option data | sllk |
| 910 ## - USER-OPTION DATA (OCLC) | |
| User-option data | snk |
| 910 ## - USER-OPTION DATA (OCLC) | |
| User-option data | ukb |
| 942 ## - ADDED ENTRY ELEMENTS (KOHA) | |
| Source of classification or shelving scheme | Dewey Decimal Classification |
| Koha item type | Odborná literatúra pre dospelých |
| Suppress in OPAC | No |
| 949 ## - LOCAL PROCESSING INFORMATION (OCLC) | |
| 6 | 1800593027 |
| a | 33.D.25021 |
| b | KD.956-2013 |
| 949 ## - LOCAL PROCESSING INFORMATION (OCLC) | |
| 6 | 1800592289 |
| a | SL.D.93415 |
| b | PV.10715-2013 |
| 949 ## - LOCAL PROCESSING INFORMATION (OCLC) | |
| 6 | 1800592290 |
| a | SK.D.61046 |
| b | PV.10716-2013 |
| s | 6707:20131104 |
| Stav vyradenia | Strata | Poškodenie | Spôsob nadobudnutia | Domovská knižnica | Aktuálna knižnica | Dátum nadobudnutia | Total checkouts | Čiarový kód exemplára | Date last seen | Typ exemplára |
|---|---|---|---|---|---|---|---|---|---|---|
| Dar | Obecná knižnica Belá-Dulice | Obecná knižnica Belá-Dulice | 13.01.2026 | 4738DGF314 | 13.01.2026 | Odborná literatúra pre dospelých | ||||
| Dar | Obecná knižnica Belá-Dulice | Obecná knižnica Belá-Dulice | 13.01.2026 | 4735903314 | 13.01.2026 | Odborná literatúra pre dospelých |
